| 000 | 00986nam a2200289Ia 4500 | ||
|---|---|---|---|
| 001 | Para_6037 | ||
| 003 | CHAP | ||
| 008 | 220125s1991 xx 000 0 und d | ||
| 010 | _a204792 | ||
| 040 | _cCHAP | ||
| 090 | _aPA TESIS 618 | ||
| 100 |
_aEscobedo Garrido, Roberto Efrén _937547 |
||
| 245 |
_aDeterminación de la concentración letal 50 de cuatro insecticidas en Trichogramma spp. (Hymenoptera : _b Trichogrammatidae) / _c por Roberto Efrén Escobedo Garrido |
||
| 260 |
_aChapingo, Méx. : _b el autor |
||
| 300 | _a53 h. | ||
| 502 | _aTesis (Ing. Agr. Esp. en Parasitología Agrícola) -- UACh Departamento Parasitología Agrícola | ||
| 650 |
_aInsecticidas _958855 |
||
| 650 |
_aTrichogramma _9114927 |
||
| 710 |
_aUACh. Departamento Parasitología Agrícola _9164025 |
||
| 901 | _aPA TESIS 618 | ||
| 902 | _aA | ||
| 905 | _a0000001991 0000000000 00 | ||
| 910 | _a1991 | ||
| 942 | _cPARA | ||
| 942 |
_cPARA _d1 |
||
| 999 |
_c204792 _d204792 |
||